[Event "SM-2022-0-00461"]
[Site "LSS email"]
[Date "2022.03.04"]
[Round "?"]
[White "Ozen, Bahadir"]
[Black "Kurowski, Andrzej"]
[Result "1/2-1/2"]
[WhiteElo "2302"]
[BlackElo "2260"]
[PlyCount "40"]
[EventDate "2022.01.02"]
[EventType "tourn (corr)"]
[EventRounds "6"]
[EventCountry "GER"]
[SourceTitle "Corr 2024"]
[Source "ChessBase"]
[SourceDate "2023.10.19"]
[SourceVersion "1"]
[SourceVersionDate "2023.10.19"]
[SourceQuality "1"]

1. e4 e6 2. d4 d5 3. Nc3 Nf6 4. e5 Nfd7 5. f4 c5 6. Nf3 Nc6 7. Be3 a6 8. Qd2 b5 9. a3 Qa5 10. Be2 b4 11. Nd1 Rb8 12. 0-0 bxa3 13. Qxa5 Nxa5 14. dxc5 axb2 15. Nxb2 Rxb2 16. Rxa5 Rxc2 17. Bxa6 Bxc5 18. Bxc5 Rxc5 19. Rxc5 Nxc5 20. Bxc8 0-0 1/2-1/2

[Event "SM-2022-0-00461"]
[Site "LSS email"]
[Date "2022.03.01"]
[Round "?"]
[White "Kurowski, Andrzej"]
[Black "Martin, Simone"]
[Result "1/2-1/2"]
[WhiteElo "2260"]
[BlackElo "2168"]
[PlyCount "73"]
[EventDate "2022.01.02"]
[EventType "tourn (corr)"]
[EventRounds "6"]
[EventCountry "GER"]
[SourceTitle "Corr 2024"]
[Source "ChessBase"]
[SourceDate "2023.10.19"]
[SourceVersion "1"]
[SourceVersionDate "2023.10.19"]
[SourceQuality "1"]

1. d4 Nf6 2. c4 g6 3. Nc3 d5 4. Nf3 Bg7 5. Qb3 dxc4 6. Qxc4 0-0 7. e4 a6 8. e5 b5 9. Qb3 Nfd7 10. Be2 c5 11. e6 cxd4 12. exf7+ Kh8 13. Ne4 Bb7 14. Qd3 Nc6 15. Nfg5 Nf6 16. Qh3 Bc8 17. Qh4 h6 18. 0-0 d3 19. Bf3 Nd4 20. Ng3 Nxf3+ 21. Nxf3 Bb7 22. Bxh6 Bxf3 23. gxf3 Rxf7 24. Be3+ Kg8 25. Ne4 Qd5 26. Ng5 Rff8 27. Rfd1 Rac8 28. a4 Rc4 29. Qh3 Rxa4 30. Rxa4 bxa4 31. Rc1 Rd8 32. Rc5 Qd7 33. Qh4 d2 34. Qc4+ Kh8 35. Nf7+ Kh7 36. Ng5+ Kh8 37. Nf7+ 1/2-1/2

[Event "CP-2019-Q-00006"]
[Site "LSS email"]
[Date "2019.11.27"]
[Round "?"]
[White "Kurowski, Andrzej"]
[Black "Cvak, Rudolf"]
[Result "1/2-1/2"]
[WhiteElo "2230"]
[BlackElo "2352"]
[PlyCount "68"]
[EventDate "2019.12.01"]
[EventType "tourn (corr)"]
[EventRounds "6"]
[EventCountry "GER"]
[SourceTitle "Corr 2022"]
[Source "ChessBase"]
[SourceDate "2021.10.24"]
[SourceVersion "1"]
[SourceVersionDate "2021.10.24"]
[SourceQuality "1"]

1. d4 Nf6 2. c4 g6 3. Nc3 Bg7 4. e4 d6 5. Be2 0-0 6. Nf3 e5 7. 0-0 Nc6 8. d5 Ne7 9. Ne1 Nd7 10. Be3 f5 11. f3 f4 12. Bf2 g5 13. Rc1 Ng6 14. b4 Nf6 15. c5 Rf7 16. a4 h5 17. a5 g4 18. Qd2 Bf8 19. Rc2 Kh8 20. cxd6 Bxd6 21. Nb5 Bd7 22. Bd3 Bxb5 23. Bxb5 Qe7 24. Bc5 a6 25. Bd3 Rg8 26. Kf2 h4 27. Qc3 Qd7 28. Ke2 Rh7 29. h3 gxh3 30. gxh3 Ne7 31. b5 axb5 32. Bxd6 cxd6 33. Qb4 Qd8 34. Bxb5 Rg3 1/2-1/2

[Event "WC-2019-Q-00002"]
[Site "LSS email"]
[Date "2019.08.28"]
[Round "?"]
[White "Cornel, Matei"]
[Black "Kurowski, Andrzej"]
[Result "1/2-1/2"]
[WhiteElo "2395"]
[BlackElo "2232"]
[PlyCount "53"]
[EventDate "2019.09.01"]
[EventType "tourn (corr)"]
[EventRounds "10"]
[EventCountry "GER"]
[SourceTitle "Corr 2024"]
[Source "ChessBase"]
[SourceDate "2023.10.19"]
[SourceVersion "1"]
[SourceVersionDate "2023.10.19"]
[SourceQuality "1"]

1. e4 e6 2. d4 d5 3. Nc3 Nf6 4. e5 Nfd7 5. f4 c5 6. Nf3 Nc6 7. Be3 a6 8. Qd2 b5 9. a3 Qa5 10. Be2 b4 11. Nd1 Rb8 12. c3 bxc3 13. Nxc3 cxd4 14. Nxd4 Nxd4 15. Bxd4 Bc5 16. Bxc5 Qxc5 17. b4 Qa7 18. Rd1 h6 19. Qd3 0-0 20. Qd4 Qb6 21. Rf1 Bb7 22. Rf3 Rfc8 23. Na4 Qxd4 24. Rxd4 Kf8 25. Kd2 Bc6 26. Nc3 Bb7 27. Re3 1/2-1/2